[Event "Napoli Estate al Vomero op 5th"]
[Site "Napoli"]
[Date "2011.05.12"]
[Round "2"]
[White "Di Gennaro, Antonio"]
[Black "Spagnolo, Alessandro"]
[Result "0-1"]
[WhiteElo "1652"]
[BlackElo "1440"]
[PlyCount "54"]
[EventDate "2011.05.08"]
[EventType "swiss"]
[EventRounds "7"]
[EventCountry "ITA"]
[SourceTitle "EXT 2018"]
[Source "ChessBase"]
[SourceDate "2017.10.13"]
[SourceVersion "1"]
[SourceVersionDate "2017.10.13"]
[SourceQuality "1"]

1. e4 d6 2. d4 Nf6 3. Nc3 g6 4. Be3 Bg7 5. Qd2 b6 6. f3 Ba6 7. Bxa6 Nxa6 8. a3 Nb8 9. Bh6 0-0 10. 0-0-0 Kh8 11. g4 Bxh6 12. Qxh6 Ng8 13. Qf4 Nc6 14. h4 e6 15. h5 g5 16. Qe3 h6 17. e5 Qe7 18. f4 dxe5 19. fxe5 f6 20. Qe4 Na5 21. Nge2 Qh7 22. Qg2 Nc4 23. Rh3 fxe5 24. dxe5 Rfd8 25. Rxd8 Rxd8 26. Ne4 Rf8 27. Rc3 Qxe4 0-1